[Event "Deutsche Blitz-Einzelmeisterschaft der Frauen 2021"]
[Site "Magdeburg"]
[Date "2021.08.01"]
[Round "10"]
[Board "9"]
[White "Braun, Kristin"]
[Black "Stangl, Anita"]
[Result "0-1"]
[WhiteElo "1846"]
[BlackElo "1982"]
[PlyCount "0"]
[EventDate "2021.08.01"]
[EventRounds "21"]
[EventCountry "GER"]

1. e4 {[%clk 0:03:04]} e6 {[%clk 0:03:04]} 2. d4 {[%clk 0:03:05]} d5 {[%clk
0:02:55]} 3. exd5 {[%clk 0:03:05]} exd5 {[%clk 0:03:06]} 4. Nf3 {[%clk 0:03:07]}
Nc6 {[%clk 0:03:07]} 5. c4 {[%clk 0:03:09]} Bg4 {[%clk 0:03:08]} 6. Be2 {[%clk
0:03:03]} dxc4 {[%clk 0:02:47]} 7. Bxc4 {[%clk 0:03:03]} Qe7+ {[%clk 0:02:46]} 8.
Be2 {[%clk 0:02:49]} O-O-O {[%clk 0:02:37]} 9. Be3 {[%clk 0:02:47]} Qb4+ {[%clk
0:02:28]} 10. Qd2 {[%clk 0:02:38]} Bxf3 {[%clk 0:02:22]} 11. Bxf3 {[%clk
0:02:17]} Nxd4 {[%clk 0:02:21]} 12. Bg4+ {[%clk 0:01:35]} Kb8 {[%clk 0:02:09]}
13. Bxd4 {[%clk 0:00:47]} Qxd2+ {[%clk 0:02:04]} 14. Nxd2 {[%clk 0:00:48]} Rxd4
{[%clk 0:02:05]} 15. Bh3 {[%clk 0:00:46]} Bb4 {[%clk 0:02:04]} 16. O-O-O {[%clk
0:00:41]} Bxd2+ {[%clk 0:01:49]} 17. Rxd2 {[%clk 0:00:42]} Rxd2 {[%clk 0:01:50]}
18. Kxd2 {[%clk 0:00:42]} Nf6 {[%clk 0:01:51]} 19. Re1 {[%clk 0:00:43]} Re8
{[%clk 0:01:47]} 20. Rf1 {[%clk 0:00:36]} Ne4+ {[%clk 0:01:37]} 21. Kc2 {[%clk
0:00:37]} Ng5 {[%clk 0:01:31]} 22. Bf5 {[%clk 0:00:33]} g6 {[%clk 0:01:22]} 23.
Bd3 {[%clk 0:00:35]} a6 {[%clk 0:01:26]} 24. f3 {[%clk 0:00:36]} c5 {[%clk
0:01:23]} 25. Bc4 {[%clk 0:00:35]} b5 {[%clk 0:01:19]} 26. f4 {[%clk 0:00:27]}
bxc4 {[%clk 0:01:19]} 27. fxg5 {[%clk 0:00:29]} Re2+ {[%clk 0:01:20]} 28. Kc3
{[%clk 0:00:30]} Rxg2 {[%clk 0:01:21]} 29. Rxf7 {[%clk 0:00:30]} Rxh2 {[%clk
0:01:21]} 30. Kxc4 {[%clk 0:00:29]} Rc2+ {[%clk 0:01:07]} 31. Kb3 {[%clk
0:00:30]} Rh2 {[%clk 0:01:08]} 32. Rf6 {[%clk 0:00:29]} Kb7 {[%clk 0:01:08]} 33.
Rf7+ {[%clk 0:00:29]} Kb6 {[%clk 0:01:10]} 34. Rf6+ {[%clk 0:00:31]} Kb5 {[%clk
0:01:10]} 35. Rf8 {[%clk 0:00:32]} Rh3+ {[%clk 0:01:09]} 36. Kc2 {[%clk 0:00:32]}
Rg3 {[%clk 0:01:10]} 37. Rh8 {[%clk 0:00:23]} Rxg5 {[%clk 0:01:11]} 38. Rxh7
{[%clk 0:00:33]} Rg3 {[%clk 0:01:12]} 39. Rb7+ {[%clk 0:00:33]} Kc6 {[%clk
0:01:13]} 40. Ra7 {[%clk 0:00:34]} Kb6 {[%clk 0:01:14]} 41. Rf7 {[%clk 0:00:35]}
g5 {[%clk 0:01:15]} 42. Rf6+ {[%clk 0:00:35]} Kb5 {[%clk 0:01:15]} 43. b3 {[%clk
0:00:36]} g4 {[%clk 0:01:13]} 44. Rf8 {[%clk 0:00:37]} Rg2+ {[%clk 0:01:10]} 45.
Kc3 {[%clk 0:00:38]} Rxa2 {[%clk 0:01:10]} 46. Rb8+ {[%clk 0:00:38]} Kc6 {[%clk
0:01:08]} 47. Rg8 {[%clk 0:00:39]} Rg2 {[%clk 0:01:09]} 48. Rg6+ {[%clk 0:00:40]}
Kb5 {[%clk 0:01:10]} 49. Rg5 {[%clk 0:00:40]} g3 {[%clk 0:01:10]} 50. Rg8 {[%clk
0:00:40]} Rg1 {[%clk 0:01:11]} 51. Rb8+ {[%clk 0:00:39]} Ka5 {[%clk 0:01:12]} 52.
Rc8 {[%clk 0:00:36]} Rc1+ {[%clk 0:01:12]} 53. Kd2 {[%clk 0:00:37]} g2 {[%clk
0:01:14]} 54. Kxc1 {[%clk 0:00:27]} g1=Q+ {[%clk 0:01:11]} 55. Kb2 {[%clk
0:00:27]} Qd4+ {[%clk 0:01:11]} 56. Kc2 {[%clk 0:00:18]} Qe4+ {[%clk 0:01:10]}
57. Kb2 {[%clk 0:00:38]} Qe5+ {[%clk 0:01:11]} 58. Ka2 {[%clk 0:00:39]} Kb4
{[%clk 0:01:09]} 59. Rb8+ {[%clk 0:00:38]} Qxb8 {[%clk 0:01:10]} 60. Kb2 {[%clk
0:00:40]} Qh2+ {[%clk 0:01:10]}  0-1

[Event "Deutsche Blitz-Einzelmeisterschaft der Frauen 2021"]
[Site "Magdeburg"]
[Date "2021.08.01"]
[Round "10"]
[Board "10"]
[White "Schlueter, Sabrina"]
[Black "Voicu-Jagodzinsky, Carmen"]
[Result "1-0"]
[WhiteElo "1790"]
[BlackElo "2194"]
[PlyCount "0"]
[EventDate "2021.08.01"]
[EventRounds "21"]
[EventCountry "GER"]

1. c4 {[%clk 0:03:03]} e5 {[%clk 0:03:03]} 2. Nc3 {[%clk 0:03:04]} Nc6 {[%clk
0:03:05]} 3. g3 {[%clk 0:03:05]} f5 {[%clk 0:03:06]} 4. Bg2 {[%clk 0:03:06]} Nf6
{[%clk 0:03:08]} 5. d3 {[%clk 0:03:08]} Bb4 {[%clk 0:03:09]} 6. Nf3 {[%clk
0:03:08]} Bxc3+ {[%clk 0:03:10]} 7. bxc3 {[%clk 0:03:09]} d6 {[%clk 0:03:11]} 8.
O-O {[%clk 0:03:09]} O-O {[%clk 0:03:12]} 9. Bg5 {[%clk 0:03:10]} Qe8 {[%clk
0:03:11]} 10. Bxf6 {[%clk 0:03:09]} Rxf6 {[%clk 0:03:12]} 11. Qb3 {[%clk
0:03:01]} Kh8 {[%clk 0:03:03]} 12. Rab1 {[%clk 0:02:58]} b6 {[%clk 0:03:04]} 13.
Qc2 {[%clk 0:02:49]} Bd7 {[%clk 0:02:58]} 14. e3 {[%clk 0:02:49]} Qh5 {[%clk
0:02:50]} 15. Qd1 {[%clk 0:02:30]} f4 {[%clk 0:02:52]} 16. Nh4 {[%clk 0:01:59]}
Qf7 {[%clk 0:02:29]} 17. Bd5 {[%clk 0:01:51]} Qe8 {[%clk 0:02:14]} 18. exf4
{[%clk 0:01:40]} exf4 {[%clk 0:02:14]} 19. Re1 {[%clk 0:01:34]} Qf8 {[%clk
0:02:01]} 20. Ng2 {[%clk 0:01:27]} Re8 {[%clk 0:01:52]} 21. Rxe8 {[%clk 0:01:24]}
Bxe8 {[%clk 0:01:51]} 22. Nxf4 {[%clk 0:01:21]} Ne5 {[%clk 0:01:25]} 23. Qe2
{[%clk 0:01:14]} g5 {[%clk 0:01:03]} 24. Nh3 {[%clk 0:01:15]} h6 {[%clk 0:00:52]}
25. Re1 {[%clk 0:01:14]} Bd7 {[%clk 0:00:50]} 26. Qh5 {[%clk 0:00:56]} Bxh3
{[%clk 0:00:41]} 27. Qxh3 {[%clk 0:00:57]} Rxf2 {[%clk 0:00:43]} 28. d4 {[%clk
0:00:40]} Ng6 {[%clk 0:00:15]} 29. Qd7 {[%clk 0:00:28]} Qg7 30. Re8+ {[%clk
0:00:28]} Kh7 {[%clk 0:03:02]}  1-0

[Event "Deutsche Blitz-Einzelmeisterschaft der Frauen 2021"]
[Site "Magdeburg"]
[Date "2021.08.01"]
[Round "10"]
[Board "11"]
[White "Paehtz, Elisabeth"]
[Black "Hofmann, Karina"]
[Result "1-0"]
[WhiteElo "2410"]
[BlackElo "1734"]
[PlyCount "0"]
[EventDate "2021.08.01"]
[EventRounds "21"]
[EventCountry "GER"]

1. d4 {[%clk 0:03:03]} b6 {[%clk 0:03:04]} 2. e4 {[%clk 0:03:03]} Bb7 {[%clk
0:03:05]} 3. Bd3 {[%clk 0:03:04]} g6 {[%clk 0:03:05]} 4. Qe2 {[%clk 0:03:03]} Bg7
{[%clk 0:03:06]} 5. c3 {[%clk 0:02:55]} e6 {[%clk 0:03:07]} 6. Nf3 {[%clk
0:03:00]} Ne7 {[%clk 0:03:08]} 7. h4 {[%clk 0:03:01]} c5 {[%clk 0:03:05]} 8. h5
{[%clk 0:02:59]} cxd4 {[%clk 0:02:59]} 9. h6 {[%clk 0:02:56]} Rg8 {[%clk
0:02:48]} 10. hxg7 {[%clk 0:02:55]} Rxg7 {[%clk 0:02:42]} 11. cxd4 {[%clk
0:02:54]} d5 {[%clk 0:02:35]} 12. e5 {[%clk 0:02:51]} Nbc6 {[%clk 0:02:33]} 13.
Nc3 {[%clk 0:02:51]} a6 {[%clk 0:02:30]} 14. a3 {[%clk 0:02:52]} Na5 {[%clk
0:02:30]} 15. Bg5 {[%clk 0:02:52]} Qd7 {[%clk 0:02:30]} 16. Bf6 {[%clk 0:02:49]}
Nb3 {[%clk 0:02:26]} 17. Rd1 {[%clk 0:02:47]} Rg8 {[%clk 0:02:22]} 18. Rxh7
{[%clk 0:02:37]}  1-0

[Event "Deutsche Blitz-Einzelmeisterschaft der Frauen 2021"]
[Site "Magdeburg"]
[Date "2021.08.01"]
[Round "11"]
[Board "1"]
[White "Hofmann, Karina"]
[Black "Wulf, Constanze"]
[Result "0-1"]
[WhiteElo "1734"]
[BlackElo "1817"]
[PlyCount "0"]
[EventDate "2021.08.01"]
[EventRounds "21"]
[EventCountry "GER"]

1. f4 {[%clk 0:03:03]} d5 {[%clk 0:02:56]} 2. Nf3 {[%clk 0:02:54]} c5 {[%clk
0:02:49]} 3. e3 {[%clk 0:03:04]} Nc6 {[%clk 0:02:50]} 4. Bb5 {[%clk 0:03:05]} Qc7
{[%clk 0:02:28]} 5. b3 {[%clk 0:03:04]} Bg4 {[%clk 0:02:21]} 6. d3 {[%clk
0:02:59]} Nf6 {[%clk 0:02:17]} 7. Nbd2 {[%clk 0:02:58]} e6 {[%clk 0:02:10]} 8.
Bb2 {[%clk 0:02:59]} Be7 {[%clk 0:02:10]} 9. h3 {[%clk 0:02:59]} Bxf3 {[%clk
0:02:03]} 10. Nxf3 {[%clk 0:03:00]} O-O {[%clk 0:01:58]} 11. Bxc6 {[%clk
0:03:00]} Qxc6 {[%clk 0:01:54]} 12. Ne5 {[%clk 0:02:51]} Qc7 {[%clk 0:01:52]} 13.
g4 {[%clk 0:02:54]} Nd7 {[%clk 0:01:44]} 14. g5 {[%clk 0:02:54]} Nxe5 {[%clk
0:01:36]} 15. Bxe5 {[%clk 0:02:54]} Bd6 {[%clk 0:01:37]} 16. Bxd6 {[%clk
0:02:43]} Qxd6 {[%clk 0:01:38]} 17. Qg4 {[%clk 0:02:23]} c4 {[%clk 0:01:31]} 18.
Ke2 {[%clk 0:02:13]} Rac8 {[%clk 0:01:15]} 19. Rac1 {[%clk 0:02:10]} Qa3 {[%clk
0:01:08]} 20. bxc4 {[%clk 0:02:01]} dxc4 {[%clk 0:01:08]} 21. Qf3 {[%clk
0:01:31]} cxd3+ {[%clk 0:01:06]} 22. cxd3 {[%clk 0:01:25]} Rxc1 {[%clk 0:01:07]}
23. Rxc1 {[%clk 0:01:23]} Qxc1 {[%clk 0:01:07]} 24. Qxb7 {[%clk 0:01:20]} Qc2+
{[%clk 0:01:03]} 25. Kf3 {[%clk 0:01:18]} Qxa2 {[%clk 0:00:54]} 26. Qe4 {[%clk
0:01:13]} Qd5 {[%clk 0:01:00]} 27. h4 {[%clk 0:01:13]} Qxe4+ {[%clk 0:01:00]} 28.
Kxe4 {[%clk 0:01:13]} a5 {[%clk 0:01:01]} 29. Kd4 {[%clk 0:01:13]}  0-1

[Event "Deutsche Blitz-Einzelmeisterschaft der Frauen 2021"]
[Site "Magdeburg"]
[Date "2021.08.01"]
[Round "11"]
[Board "2"]
[White "Voicu-Jagodzinsky, Carmen"]
[Black "Paehtz, Elisabeth"]
[Result "1-0"]
[WhiteElo "2194"]
[BlackElo "2410"]
[PlyCount "0"]
[EventDate "2021.08.01"]
[EventRounds "21"]
[EventCountry "GER"]

1. e4 {[%clk 0:03:04]} c5 {[%clk 0:03:03]} 2. Nf3 {[%clk 0:03:02]} d6 {[%clk
0:03:04]} 3. d4 {[%clk 0:03:03]} cxd4 {[%clk 0:03:05]} 4. Qxd4 {[%clk 0:03:04]}
a6 {[%clk 0:03:05]} 5. c4 {[%clk 0:03:03]} Nc6 {[%clk 0:02:57]} 6. Qe3 {[%clk
0:03:05]} Nf6 {[%clk 0:03:04]} 7. h3 {[%clk 0:03:06]} g6 {[%clk 0:03:04]} 8. Nc3
{[%clk 0:03:08]} Bg7 {[%clk 0:03:04]} 9. Be2 {[%clk 0:03:04]} O-O {[%clk
0:03:04]} 10. O-O {[%clk 0:03:06]} Nd7 {[%clk 0:03:02]} 11. b3 {[%clk 0:02:52]}
Nc5 {[%clk 0:02:57]} 12. Bb2 {[%clk 0:02:53]} e6 {[%clk 0:02:55]} 13. Rad1 {[%clk
0:02:51]} Qe7 {[%clk 0:02:55]} 14. Rd2 {[%clk 0:02:50]} Rd8 {[%clk 0:02:39]} 15.
Rfd1 {[%clk 0:02:51]} Rb8 {[%clk 0:02:32]} 16. Bf1 {[%clk 0:02:52]} b6 {[%clk
0:02:29]} 17. Ne2 {[%clk 0:02:29]} Bxb2 {[%clk 0:02:29]} 18. Rxb2 {[%clk
0:02:30]} e5 {[%clk 0:02:29]} 19. Nc3 {[%clk 0:02:28]} Be6 {[%clk 0:02:29]} 20.
Rbd2 {[%clk 0:02:27]} Ra8 {[%clk 0:01:54]} 21. Nd5 {[%clk 0:02:16]} Bxd5 {[%clk
0:01:55]} 22. Rxd5 {[%clk 0:02:17]} Kg7 {[%clk 0:01:35]} 23. g3 {[%clk 0:02:18]}
Qc7 {[%clk 0:01:32]} 24. h4 {[%clk 0:02:10]} h5 {[%clk 0:01:29]} 25. Bh3 {[%clk
0:02:19]} Ne6 {[%clk 0:01:28]} 26. Bxe6 {[%clk 0:02:10]} fxe6 {[%clk 0:01:29]}
27. R5d2 {[%clk 0:02:20]} Rab8 {[%clk 0:01:25]} 28. Ng5 {[%clk 0:02:21]} Qe7
{[%clk 0:01:26]} 29. a3 {[%clk 0:02:11]} Nd4 {[%clk 0:01:27]} 30. b4 {[%clk
0:02:09]} Qf6 {[%clk 0:01:26]} 31. Kg2 {[%clk 0:02:07]} Rbc8 {[%clk 0:01:27]} 32.
Qd3 {[%clk 0:02:02]} b5 {[%clk 0:01:28]} 33. cxb5 {[%clk 0:02:00]} axb5 {[%clk
0:01:28]} 34. Qe3 {[%clk 0:01:42]} Rc4 {[%clk 0:01:27]} 35. f4 {[%clk 0:01:36]}
Qe7 {[%clk 0:00:55]} 36. Rf1 {[%clk 0:01:23]} Rf8 {[%clk 0:00:55]} 37. Rdf2
{[%clk 0:01:15]} Rc2 {[%clk 0:00:28]} 38. Rxc2 {[%clk 0:01:06]} Nxc2 {[%clk
0:00:29]} 39. Qb6 {[%clk 0:01:07]} Nd4 {[%clk 0:00:28]} 40. Rc1 {[%clk 0:00:53]}
Rd8 {[%clk 0:00:20]} 41. Rc7 {[%clk 0:00:48]} Rd7 {[%clk 0:00:22]} 42. Rc8 {[%clk
0:00:50]} exf4 {[%clk 0:00:21]} 43. Qb8 {[%clk 0:00:51]} f3+ {[%clk 0:00:12]} 44.
Kf2 {[%clk 0:00:51]} Kf6 {[%clk 0:00:06]} 45. Rf8+ {[%clk 0:00:40]} Ke5 {[%clk
0:00:08]} 46. Nxf3+ {[%clk 0:00:38]} Nxf3 {[%clk 0:00:09]} 47. Qxb5+ {[%clk
0:00:39]} d5 {[%clk 0:00:10]} 48. Rxf3 {[%clk 0:00:26]} Rd6 {[%clk 0:00:06]} 49.
Qc5 {[%clk 0:00:25]} Qd7 {[%clk 0:00:04]} 50. Re3 {[%clk 0:00:16]}  1-0

[Event "Deutsche Blitz-Einzelmeisterschaft der Frauen 2021"]
[Site "Magdeburg"]
[Date "2021.08.01"]
[Round "11"]
[Board "3"]
[White "Stangl, Anita"]
[Black "Schlueter, Sabrina"]
[Result "1-0"]
[WhiteElo "1982"]
[BlackElo "1790"]
[PlyCount "0"]
[EventDate "2021.08.01"]
[EventRounds "21"]
[EventCountry "GER"]

1. e4 {[%clk 0:03:04]} c6 {[%clk 0:03:04]} 2. d4 {[%clk 0:03:04]} g6 {[%clk
0:03:05]} 3. Nf3 {[%clk 0:03:05]} Bg7 {[%clk 0:03:06]} 4. Nc3 {[%clk 0:03:03]} d5
{[%clk 0:03:08]} 5. e5 {[%clk 0:03:04]} Bg4 {[%clk 0:03:09]} 6. h3 {[%clk
0:03:05]} Bxf3 {[%clk 0:03:10]} 7. Qxf3 {[%clk 0:03:05]} f6 {[%clk 0:03:11]} 8.
exf6 {[%clk 0:02:59]} exf6 {[%clk 0:03:12]} 9. Be3 {[%clk 0:02:58]} Ne7 {[%clk
0:03:09]} 10. Bd3 {[%clk 0:02:57]} O-O {[%clk 0:03:05]} 11. O-O {[%clk 0:02:56]}
Nd7 {[%clk 0:03:02]} 12. Rfe1 {[%clk 0:02:57]} f5 {[%clk 0:02:57]} 13. Bg5 {[%clk
0:02:51]} Nf6 {[%clk 0:02:49]} 14. Qe3 {[%clk 0:02:43]} Nc8 {[%clk 0:02:29]} 15.
Na4 {[%clk 0:02:02]} b6 {[%clk 0:02:15]} 16. Qe6+ {[%clk 0:02:01]} Kh8 {[%clk
0:02:14]} 17. Qxc6 {[%clk 0:02:03]} Ne7 {[%clk 0:02:07]} 18. Qb7 {[%clk 0:01:54]}
Rf7 {[%clk 0:01:47]} 19. Nc3 {[%clk 0:01:42]} Ne4 {[%clk 0:01:22]} 20. Bxe7
{[%clk 0:01:26]} Rxe7 {[%clk 0:01:19]} 21. Qxd5 {[%clk 0:01:25]} Rd7 {[%clk
0:01:17]} 22. Qb5 {[%clk 0:01:12]} Nd6 {[%clk 0:00:47]} 23. Qa4 {[%clk 0:01:05]}
Re7 {[%clk 0:00:25]} 24. Re2 {[%clk 0:00:52]} Rxe2 {[%clk 0:00:20]} 25. Bxe2
{[%clk 0:00:53]} Qh4 {[%clk 0:00:14]} 26. Rd1 {[%clk 0:00:39]} Rd8 {[%clk
0:00:03]} 27. Bf3 {[%clk 0:00:35]} g5 28. Qc6 {[%clk 0:00:27]} g4 29. Qc7 {[%clk
0:00:27]} gxf3 30. gxf3 {[%clk 0:00:08]} Qg5+ 31. Kf1 {[%clk 0:00:08]} Qf6 32.
Nd5 {[%clk 0:00:08]} Qg5 33. f4 {[%clk 0:00:08]} Qh4 34. Ne7 {[%clk 0:00:08]}  1-0

[Event "Deutsche Blitz-Einzelmeisterschaft der Frauen 2021"]
[Site "Magdeburg"]
[Date "2021.08.01"]
[Round "11"]
[Board "4"]
[White "Albayrak, Berrak"]
[Black "Braun, Kristin"]
[Result "0-1"]
[WhiteElo "1491"]
[BlackElo "1846"]
[PlyCount "0"]
[EventDate "2021.08.01"]
[EventRounds "21"]
[EventCountry "GER"]

1. e4 {[%clk 0:03:02]} c5 {[%clk 0:03:02]} 2. Nc3 {[%clk 0:03:04]} g6 {[%clk
0:03:05]} 3. g3 {[%clk 0:03:04]} Bg7 {[%clk 0:03:05]} 4. Bg2 {[%clk 0:03:06]} Nc6
{[%clk 0:03:08]} 5. d3 {[%clk 0:03:06]} d6 {[%clk 0:03:08]} 6. Be3 {[%clk
0:03:08]} e6 {[%clk 0:03:10]} 7. Qd2 {[%clk 0:03:08]} Nge7 {[%clk 0:03:03]} 8.
Bh6 {[%clk 0:03:07]} Bxh6 {[%clk 0:02:58]} 9. Qxh6 {[%clk 0:03:07]} Nd4 {[%clk
0:02:59]} 10. Qd2 {[%clk 0:03:06]} Rb8 {[%clk 0:02:56]} 11. Nge2 {[%clk 0:03:05]}
b5 {[%clk 0:02:40]} 12. O-O {[%clk 0:02:59]} b4 {[%clk 0:02:32]} 13. Nd1 {[%clk
0:02:59]} Nec6 {[%clk 0:02:20]} 14. Nxd4 {[%clk 0:02:39]} Nxd4 {[%clk 0:02:12]}
15. c3 {[%clk 0:02:40]} Nc6 {[%clk 0:02:08]} 16. Ne3 {[%clk 0:02:32]} O-O {[%clk
0:02:03]} 17. f4 {[%clk 0:02:30]} Ba6 {[%clk 0:01:41]} 18. f5 {[%clk 0:02:10]}
Ne5 {[%clk 0:01:26]} 19. f6 {[%clk 0:01:46]} Bxd3 {[%clk 0:00:35]} 20. h3 {[%clk
0:01:20]} Bxf1 {[%clk 0:00:32]} 21. Rxf1 {[%clk 0:01:21]} Nd7 {[%clk 0:00:30]}
22. Ng4 {[%clk 0:01:19]} Kh8 {[%clk 0:00:21]} 23. Qh6 {[%clk 0:00:55]} Rg8 {[%clk
0:00:23]} 24. e5 {[%clk 0:00:47]} Qf8 {[%clk 0:00:19]} 25. Qg5 {[%clk 0:00:40]}
dxe5 {[%clk 0:00:17]} 26. Nxe5 {[%clk 0:00:22]} Nxe5 {[%clk 0:00:09]} 27. Qxe5
{[%clk 0:00:21]} bxc3 {[%clk 0:00:19]} 28. bxc3 {[%clk 0:00:21]} c4 {[%clk
0:00:20]} 29. h4 {[%clk 0:00:21]} Rc8 {[%clk 0:00:11]} 30. h5 {[%clk 0:00:21]}
Qc5+ {[%clk 0:00:11]} 31. Qxc5 {[%clk 0:00:21]} Rxc5 {[%clk 0:00:11]} 32. hxg6
{[%clk 0:00:18]} fxg6 {[%clk 0:00:24]} 33. Kh2 {[%clk 0:00:12]} Rf8 {[%clk
0:00:25]} 34. Bh3 {[%clk 0:00:11]} Kg8 {[%clk 0:00:24]} 35. Bxe6+ {[%clk
0:00:12]} Kh8 {[%clk 0:00:26]} 36. f7 {[%clk 0:00:08]} Kg7 {[%clk 0:00:26]} 37.
g4 {[%clk 0:00:07]} Ra5 {[%clk 0:00:27]} 38. Bxc4 {[%clk 0:00:06]} Rc5 {[%clk
0:00:19]} 39. Bb3 {[%clk 0:00:07]} Rxc3 {[%clk 0:00:19]} 40. Rf4 {[%clk 0:00:07]}
Rc1 {[%clk 0:00:19]} 41. Kg3 {[%clk 0:00:08]} Rg1+ {[%clk 0:00:28]} 42. Kh2 Re1
{[%clk 0:00:29]} 43. Kg3 h6 {[%clk 0:00:30]} 44. Ra4 Re3+ {[%clk 0:00:29]} 45.
Kg2 Re7 {[%clk 0:00:22]} 46. Rf4 a5 {[%clk 0:00:26]} 47. Ra4 Ra7 {[%clk 0:00:27]}
48. Rf4 {[%clk 0:00:07]} g5 {[%clk 0:00:28]} 49. Rf5 a4 {[%clk 0:00:28]} 50. Bc4
{[%clk 0:00:06]} Rc7 {[%clk 0:00:30]} 51. Bd5 {[%clk 0:00:07]} a3 {[%clk
0:00:30]} 52. Bb3 {[%clk 0:00:08]} Rd7 {[%clk 0:00:29]} 53. Kf3 {[%clk 0:00:09]}
Rd3+ {[%clk 0:00:30]} 54. Ke4 {[%clk 0:00:10]} Rd2 {[%clk 0:00:31]} 55. Ke3
{[%clk 0:00:10]} Rb2 {[%clk 0:00:31]} 56. Ra5 {[%clk 0:00:09]} Rg2 {[%clk
0:00:31]} 57. Kf3 {[%clk 0:00:11]} Rg1 {[%clk 0:00:31]} 58. Kf2 {[%clk 0:00:11]}
Rxg4 {[%clk 0:00:23]} 59. Kf3 {[%clk 0:00:13]} Rf4+ {[%clk 0:00:23]} 60. Kg3
{[%clk 0:00:14]} h5 {[%clk 0:00:32]} 61. Rxa3 {[%clk 0:00:15]} h4+ {[%clk
0:00:33]} 62. Kh3 {[%clk 0:00:15]} Rf3+ {[%clk 0:00:24]} 63. Kg2 {[%clk 0:00:16]}
g4 {[%clk 0:00:34]} 64. Ra4 {[%clk 0:00:17]} h3+ {[%clk 0:00:33]} 65. Kg1 {[%clk
0:00:17]} Rg3+ {[%clk 0:00:24]} 66. Kh2 {[%clk 0:00:18]} Rg2+ {[%clk 0:00:34]}
67. Kh1 {[%clk 0:00:19]} Rc8 {[%clk 0:00:31]} 68. Rc4 {[%clk 0:00:18]} Rxc4
{[%clk 0:00:32]} 69. Bxc4 {[%clk 0:00:19]} Kf8 {[%clk 0:00:33]} 70. Be6 {[%clk
0:00:18]} Ke7 {[%clk 0:00:32]} 71. Bc8 {[%clk 0:00:09]} Kxf7 {[%clk 0:00:33]} 72.
a4 {[%clk 0:00:20]} Kg6 {[%clk 0:00:32]} 73. a5 {[%clk 0:00:21]} Kg5 {[%clk
0:00:33]} 74. a6 {[%clk 0:00:22]} Ra2 {[%clk 0:00:34]} 75. Bb7 {[%clk 0:00:21]}
Kh4 {[%clk 0:00:35]} 76. Bc6 {[%clk 0:00:21]} g3 {[%clk 0:00:35]} 77. Bd5 {[%clk
0:00:20]} Ra1# {[%clk 0:00:36]}  0-1

[Event "Deutsche Blitz-Einzelmeisterschaft der Frauen 2021"]
[Site "Magdeburg"]
[Date "2021.08.01"]
[Round "11"]
[Board "5"]
[White "Muetsch, Annmarie"]
[Black "Kosovska, Olena"]
[Result "1-0"]
[WhiteElo "2294"]
[BlackElo "1965"]
[PlyCount "0"]
[EventDate "2021.08.01"]
[EventRounds "21"]
[EventCountry "GER"]

1. e4 {[%clk 0:03:02]} c5 {[%clk 0:03:04]} 2. Nc3 {[%clk 0:03:03]} Nc6 {[%clk
0:03:03]} 3. Bb5 {[%clk 0:03:04]} e6 {[%clk 0:03:04]} 4. Bxc6 {[%clk 0:03:03]}
bxc6 {[%clk 0:03:05]} 5. d3 {[%clk 0:03:01]} Be7 {[%clk 0:03:05]} 6. f4 {[%clk
0:03:00]} Nf6 {[%clk 0:03:06]} 7. Nf3 {[%clk 0:03:01]} O-O {[%clk 0:03:07]} 8.
O-O {[%clk 0:03:01]} d5 {[%clk 0:03:08]} 9. Kh1 {[%clk 0:02:55]} Rb8 {[%clk
0:03:09]} 10. b3 {[%clk 0:02:51]} Ba6 {[%clk 0:03:10]} 11. e5 {[%clk 0:02:46]}
Nd7 {[%clk 0:03:01]} 12. Qe2 {[%clk 0:02:45]} d4 {[%clk 0:02:51]} 13. Ne4 {[%clk
0:02:39]} Nb6 {[%clk 0:02:51]} 14. Bd2 {[%clk 0:02:31]} Nd5 {[%clk 0:02:43]} 15.
a3 {[%clk 0:02:30]} Qd7 {[%clk 0:02:37]} 16. Rae1 {[%clk 0:02:19]} f5 {[%clk
0:02:38]} 17. exf6 {[%clk 0:02:15]} Nxf6 {[%clk 0:02:22]} 18. Neg5 {[%clk
0:02:07]} Nd5 {[%clk 0:01:59]} 19. Qxe6+ {[%clk 0:01:53]} Qxe6 {[%clk 0:01:59]}
20. Nxe6 {[%clk 0:01:54]} Rf6 {[%clk 0:01:52]} 21. Neg5 {[%clk 0:01:45]} Bd6
{[%clk 0:01:49]} 22. Ne4 {[%clk 0:01:43]} Rh6 {[%clk 0:01:23]} 23. f5 {[%clk
0:01:45]} Ne3 {[%clk 0:01:11]} 24. Bxe3 {[%clk 0:01:43]} dxe3 {[%clk 0:01:11]}
25. Nxd6 {[%clk 0:01:42]} Rxd6 {[%clk 0:01:03]} 26. Rxe3 {[%clk 0:01:42]} Rf8
{[%clk 0:01:03]} 27. Re5 {[%clk 0:01:32]} Rd5 {[%clk 0:01:04]} 28. g4 {[%clk
0:01:22]} Rfd8 {[%clk 0:00:55]} 29. Rfe1 {[%clk 0:01:19]} Kf7 {[%clk 0:00:56]}
30. Re7+ {[%clk 0:01:19]} Kf8 {[%clk 0:00:53]} 31. Rxa7 {[%clk 0:01:17]} Bc8
{[%clk 0:00:54]} 32. Ree7 {[%clk 0:01:13]} g6 {[%clk 0:00:52]} 33. Rf7+ {[%clk
0:01:12]} Kg8 {[%clk 0:00:53]} 34. Rg7+ {[%clk 0:01:13]} Kf8 {[%clk 0:00:53]} 35.
Rxh7 {[%clk 0:01:11]} Bd7 {[%clk 0:00:44]} 36. fxg6 {[%clk 0:00:51]} Kg8 {[%clk
0:00:45]} 37. h3 {[%clk 0:00:44]} Rd6 {[%clk 0:00:43]} 38. Ne5 {[%clk 0:00:41]}
 1-0

[Event "Deutsche Blitz-Einzelmeisterschaft der Frauen 2021"]
[Site "Magdeburg"]
[Date "2021.08.01"]
[Round "11"]
[Board "6"]
[White "Skogvall, Martina"]
[Black "Noll, Sonja"]
[Result "1-0"]
[WhiteElo "2014"]
[BlackElo "1707"]
[PlyCount "0"]
[EventDate "2021.08.01"]
[EventRounds "21"]
[EventCountry "GER"]

1. e4 {[%clk 0:03:03]} Nf6 {[%clk 0:03:03]} 2. e5 {[%clk 0:03:03]} Nd5 {[%clk
0:03:05]} 3. d4 {[%clk 0:03:04]} d6 {[%clk 0:03:06]} 4. exd6 {[%clk 0:03:05]}
cxd6 {[%clk 0:03:07]} 5. c4 {[%clk 0:03:06]} Nb6 {[%clk 0:03:08]} 6. Nc3 {[%clk
0:02:58]} Nc6 {[%clk 0:03:03]} 7. Be3 {[%clk 0:03:02]} g6 {[%clk 0:03:03]} 8. h3
{[%clk 0:02:58]} Bg7 {[%clk 0:03:03]} 9. Nf3 {[%clk 0:02:59]} O-O {[%clk
0:03:03]} 10. Bd3 {[%clk 0:02:54]} Bd7 {[%clk 0:02:57]} 11. O-O {[%clk 0:02:51]}
Rc8 {[%clk 0:02:57]} 12. a3 {[%clk 0:02:45]} e6 {[%clk 0:02:54]} 13. b4 {[%clk
0:02:38]} Ne7 {[%clk 0:02:53]} 14. Qe2 {[%clk 0:02:28]} d5 {[%clk 0:02:45]} 15.
c5 {[%clk 0:02:23]} Na4 {[%clk 0:02:36]} 16. Nb5 {[%clk 0:02:09]} Nf5 {[%clk
0:02:08]} 17. Rac1 {[%clk 0:01:50]} a6 {[%clk 0:01:51]} 18. Nc3 {[%clk 0:01:39]}
Nxc3 {[%clk 0:01:51]} 19. Rxc3 {[%clk 0:01:31]} Nxe3 {[%clk 0:01:50]} 20. fxe3
{[%clk 0:01:36]} f6 {[%clk 0:01:30]} 21. Qa2 {[%clk 0:01:29]} b5 {[%clk 0:01:25]}
22. Rc2 {[%clk 0:01:21]} Bc6 {[%clk 0:01:25]} 23. Rcf2 {[%clk 0:01:21]} Bh6
{[%clk 0:01:19]} 24. Re2 {[%clk 0:01:10]} Qc7 {[%clk 0:01:13]} 25. e4 {[%clk
0:01:05]} Qg3 {[%clk 0:01:07]} 26. Qc2 {[%clk 0:00:40]} f5 {[%clk 0:00:50]} 27.
exf5 {[%clk 0:00:36]} exf5 {[%clk 0:00:50]} 28. Re7 {[%clk 0:00:29]} Rf7 {[%clk
0:00:45]} 29. Rfe1 {[%clk 0:00:23]} Kf8 {[%clk 0:00:29]} 30. Qe2 {[%clk 0:00:18]}
Bg7 {[%clk 0:00:24]} 31. Rxf7+ {[%clk 0:00:17]} Kxf7 {[%clk 0:00:24]} 32. Qe6+
{[%clk 0:00:16]} Kf8 {[%clk 0:00:23]} 33. Qxc8+ {[%clk 0:00:16]}  1-0